00970nam a2200205 4500003000800000005001700008008004100025040002600066041000800092092002600100100003000126245022300156260004800379300001800427502015700445504005100602830008100653942001300734999001700747DO-SdUA20250325093548.0 s2024 dr a|| |||| 0 |a||0|spa d aDO-SdUAbspacDO-SdUA0 aspa aMA-PPGE 0044 FCE 20241 aPeña Rosa, Elba María10aActividad para la mejora de los hábitos de higiene en escolar en los niños/as de kínder en el Centro Educativo Caminito de Jesús, Santiago, Distrito Educativo 08-03, año 2021-2022 /cElba María Peña Rosa. aSantiago de los Caballeros :bUASD, c2024. a144 h. :bil. a Tesis y trabajo de grado (Maestría en Procesos Pedagógicos y Gestión de la Educación)--Universidad Autónoma de Santo Domingo, Santiago, 2023. aIncluye referencias bibliográficas y anexos. aTesis y disertaciones académicas (Universidad Autónoma de Santo Domingo) 2clcTn1 c13372d13372